000 01249nam a2200373 c 4500
001 24075
003 ES-MaCES
005 20141221122903.0
008 111108s2011 sp l 000 | spa d
017 _aM 35141-2011
_bDL
020 _a9788430953776
035 _aCES20110008693m
040 _aES-MaCES
_bspa
_cES-MaCES
110 1 _aEspaña
_tLey de prevención de riesgos laborales
_d1995
_93029
245 1 0 _aPrevención de riesgos laborales
_b: Ley y normas complementarias
_cedición preparada por Eduardo González Biedma
250 _a11ª ed
260 _aMadrid
_bTecnos
_c2011
300 _a816 p.
_c24 cm
490 1 _aBiblioteca de textos legales
_v228
500 _aÍndices
541 _cCompra
650 4 _aseguridad en el trabajo
_928348
650 4 _asalud en el trabajo
_928347
650 4 _aEspaña
_926964
650 4 _alegislación del trabajo
_927166
650 4 _atexto
_929624
653 1 0 _aLegislación
700 1 _aGonzález Biedma, Eduardo
_eed. lit.
_913756
775 0 _tPrevención de riesgos laborales
_w(ES-MaCES)22244
830 0 _aBiblioteca de textos legales (Editorial Tecnos)
_v228
_932312
902 _aLIB Libro
942 _2CES
_cBK
_h6.1.
999 _c24075
_d24075